Statystyki dla Popularne marki samochodów ciężarowych!

Kliknij tutaj aby rozwiązać quiz!

Ogólne statystyki

  • Ten quiz został rozwiązany 1 407 razy
  • Średni wynik to 6 z 8

Statystyki odpowiedzi

HintOdpowiedź% Poprawnych
4Scania
92%
2MAN
90%
5Volvo
90%
1DAF
79%
6Iveco
74%
7Renault
73%
3Mercedes Benz
62%
8Ford
44%

Rozkład punktacji

Percentyl według liczby udzielonych odpowiedzi

Procent ludzi z każdym wynikiem

Twoja historia wyników

Nie rozwiązałeś tego quizu